|
|
|
|
| LEADER |
00000cam a2200000 7i4500 |
| 001 |
0000000304 |
| 008 |
021118s1981 |
| 090 |
0 |
0 |
|a HG1607.A7
|b M53
|
| 100 |
0 |
|
|a نجار، احمد محمد عبد العزيز
|e author
|
| 245 |
1 |
0 |
|a مئة سؤال ومئة جواب حول البنوك الاسلامية
|c اعده احمد عبدالعزيز النجار ومحمد سمير ابراهيم ومحمود نعمان
|
| 250 |
|
|
|a 2nd ed
|
| 260 |
2 |
|
|a Qahirah
|b al-Ittihad al-Duwali lil Bunuk al-Islamiyah
|c 1981
|
| 300 |
|
|
|a 134 p.
|c 20 cm
|
| 650 |
|
0 |
|a Banks and banking
|z Islamic countries
|x Miscellanea
|
| 700 |
0 |
|
|a ابراهيم، محمد سمير
|e author
|
| 700 |
0 |
|
|a انصاري, محمود نعمان
|e author
|
| 745 |
0 |
0 |
|a Miat sual wa-miat jawab hawla al-bunuk al-Islamiyah
|
| 999 |
|
|
|a 1000046675
|b Book
|c OPEN SHELF (30 DAYS)
|e Gong Badak Campus
|